Pre zábavu

Bibliographic Details
Main Author: Francis, Dick, 1920-2010 (Author)
Other Authors: Slobodník, Dušan, 1927-2001 (Translator), Slobodníková, Viktória (Translator)
Format: Book
Language:Slovak
English
PhysicalDescription:191 s. 21 cm
Published: Bratislava Slovenský spisovateľ 1997
ISBN:8022007498
Series:Zelená knižnica
Subjects:

MARC

LEADER 00000cam a2200000 a 4500
001 vtls001281437
003 SK-MaSNL
005 20260301234826.0
008 240226s1997 xo gra 000 f slo
015 |a SNBA1997/0601778 
020 |a 8022007498 
035 |a SNK000232856 
035 |a urn:nbn:sk:snk-amkg4b 
035 |a urn:nbn:sk:snk-am003cmq 
035 |a DB9D420D-AD9E-446B-8115-F1948B2F1FEB 
040 |a SNK  |b slo  |c SNK  |e AACR2 
041 1 |a slo  |h eng 
044 |a xo  |c SK 
080 |a 821.111-312.4  |2 2001 
080 |a (0:82-312.4)  |2 2001 
100 1 |a Francis, Dick,  |d 1920-2010  |4 aut  |9 40239 
240 1 0 |a For Kicks  |l Slovensky 
245 1 0 |a Pre zábavu  |c Dick Francis ; preklad Dušan Slobodník a Viktória Slobodníková 
260 |a Bratislava  |b Slovenský spisovateľ  |c 1997 
300 |a 191 s.  |c 21 cm 
490 1 |a Zelená knižnica 
500 |a Preložené z angličtiny 
655 7 |a anglické romány  |2 SNKPH  |9 70428 
655 7 |a detektívne romány  |2 SNKPH  |9 70455 
700 1 |a Slobodník, Dušan,  |d 1927-2001  |4 trl  |9 103407 
700 1 |a Slobodníková, Viktória  |4 trl  |9 5704 
830 0 |a Zelená knižnica  |9 276858 
852 |a Slovenská národná knižnica 
919 |a 80-220-0749-8 
954 |a beletria cudzojazyčná (svetová)  |2 lita 
968 |b ENG 
999 |c 972039  |d 973969 
952 |t P60, <09>, [BOOK], {629}  |a SNK  |b SNK  |y NEVYP  |7 0  |o snkC 739  |i snk1378/970403  |0 0  |1 0  |4 0  |d 1997-04-02  |l 0  |r 2005-01-02 00:00:00  |w 2026-02-24 
952 |t P60, <05>, [BOOK], {605}  |a SNK  |b SNK  |y PREZ  |7 0  |p 17A0059820  |o snkSC 92689 D1  |i snkKSP 4147/97  |0 0  |1 0  |4 0  |d 1997-04-21  |l 0  |r 2005-01-02 00:00:00  |w 2026-02-24 
952 |t P60, <03>, [BOOK], {603}  |a SNK  |b SNK  |y PREZ  |7 0  |p 17A0054932  |o snkSC 92689  |i snkKSP 3154/97  |0 0  |1 0  |4 0  |d 1997-04-02  |f 1  |l 0  |r 2025-09-11 00:00:00  |w 2026-02-24